00639nam a2200205Ia 4500008004100000050001400041050001500055100002500070245012600095245002500221260003100246260001000277260001000287300001500297300002000312300001100332500005600343521001500399999001900414170504s9999 xx 000 0 und d aBF 698.4  b.L151 2016 aLa Cuesta. Elaine P. aPersonality types and moral foundations of college students in the selected institution of higher learning in the South / cElaine P. La Cuesta. aLas Piñas, Philippines : bSISC, c2016. a89 pages : billustrations ; c28 cm. aIncludes bibliographical references and appendices. aPsychology c329816d329816